Statistiken für Größte soziale Netzwerke und Messenger

Klicken Sie hier um das Quiz zu spielen!

Allgemein

  • Dieses Quiz wurde 171 mal gespielt
  • Das Durchschnittsergebnis liegt bei 7 aus 15

Antwortstatistiken

PlattformNutzer in Mio.Kategorie% Korrekt
Facebook2.449Soziales Netzwerk
99%
Instagram1.000Fotosharing
96%
WhatsApp1.600Messenger
96%
YouTube2.000Videoplattform
92%
Twitter340Mikroblog
80%
Douyin / TikTok800Videoplattform
77%
Snapchat382Messenger
72%
Facebook Messenger1.300Messenger
36%
Reddit430Soziales Netzwerk
28%
Pinterest322Soziales Netzwerk
21%
Weixin / WeChat1.151Messenger
9%
QQ731Messenger
1%
QZone517Soziales Netzwerk
1%
Sina Weibo497Mikroblog
1%
Kuaishou316Videoplattform
0%

Verteilung der Resultate

Perzentil nach korrekt beantworteten Fragen

Anzahl Personen mit jedem Resultat

Ihre Resultats-Entwicklung

Sie haben dieses Quiz noch nicht gespielt